Регионална библиотека "Любен Каравелов" - Русе

История на империята на инките (Запис номер 54153)

MARC детайли
000 -Лидер
Контролно поле с фиксирана дължина 02058nam a2200349 c 4500
003 - Код на организацията, давaща контролен номер
Контролно поле BLK
005 - Дата и час на последна редакция
Контролно поле 20180422101807.0
008 - Елементи от данни с фиксирана дължина
fixed length control field 180408b bul|||||r ||||||| ||bul||
010 ## - Наследен системен номер
LC control number KNG00058097000
020 ## - Международен стандартен номер на книга ISBN
Международен стандартен номер на книга ISBN 954-584-333-0
-- издат.: Мария Арабаджиева - на том(т. 1)
040 ## - Източник на каталожния запис
Идентификатор на билиотеката - собственик на записа BLK
041 ## - Код за език
Код за езика на текст/звукозапис или на отделно заглавие Български
Код за езика КДБФ Български
080 ## - УДК
Текстов определител УДК История на Перу
УДК код - определител по УДК 985
УДК определител
УДК - код + определител 985
100 1# - Редна дума - Автор
Автор Гарсиласо де ла Вега, Инка
Авторска отговорност първи автор
R(LIN) 51430
139 ## - Редно поле
Редна дума Гарсиласо де ла Вега, Инка
Авторски знак Гар - Г 23
245 10 - Сведения за заглавието
Заглавие История на империята на инките
Подзаглавни данни Т. 1 -
Редно поле (дума) Инка Гарсиласо де ла Вега; прев. от фр. Мария Арабаджиева.
Том Т. 1
Заглавие на том Кралските коментарии или История на империята на инките
257 ## - Страна на издаване
Страна на създаване/издаване Перу
260 ## - Област на издателските данни
-- София
Година на издаване 2006 -
Печатница София : Булвест
300 ## - Физическа характеристика
Размери/Мащаб 23 см
380 ## - Жанр
Жанр История
500 ## - Общи забележки
Забележка Ориг. загл. Comentarios reales de los incas / Inka Garcilaso de la Vega.
650 #4 - Допълнително описание по предмет – тема
Основно описание – тема или топоним Инки - история
9 (RLIN) 259234
653 ## - Ключова дума – ненормативна
Ключова дума инки
653 ## - Ключова дума – ненормативна
Ключова дума история
700 1# - Други автори (авторска отговорност)
Лично име Арабаджиева, Мария
Автороска отговорност (Описва отношението между автора и произведението) прев. от фр.
9 (RLIN) 367954
760 1# - Описание на основната серия
-- - на том(т. 1)
Редна дума на основното описание Гарсиласо де ла Вега, Инка
Място на издаване, издател и година Мария Арабаджиева, 2006
Страници - том 408 с. : с ил.
Забележка - том Съдържа и Инка Гарселасо де ла Вега и неговото литературно наследство / Мария Арабаджиева, Борис Александров ; Речник на езика кечуа и на различните термини ; Кратък енциклопедичен речник / Състав. Мария Арабаджиева
Заглавие Т. 1 Кралските коментарии или История на империята на инките
852 ## - Местоположение
Форматна сигнатура Цб 226324
856 4# - Електронен адрес и достъп
Електронен формат pdf - файл
Път до файла /url/
856 4# - Електронен адрес и достъп
Електронен формат pdf - файл
Път до файла /url/
942 ## - АРТИКУЛИ
Вид на библиотечния материал Книги
Скрит в OPAC Не
944 ## - СЪЗДАВАНЕ И РЕДАКЦИЯ на ЗАПИСА
Създаване/Редакция Създаване
Дата на регистрацията/редакция 03.02.2006
Служител, извършил регистрацията/редакцията Геновева_Генчева
944 ## - СЪЗДАВАНЕ И РЕДАКЦИЯ на ЗАПИСА
Създаване/Редакция Редакция
Дата на регистрацията/редакция 23.02.2007
Служител, извършил регистрацията/редакцията
999 ## - СИСТЕМНИ КОНТРОЛНИ НОМЕРА
Koha biblionumber 54153
Koha biblioitemnumber 54153
Наличности
Код за отписване Код за изгубен артикул Източник на класификационната схема Код за повреда Коз за рестрикции Код за отдаване Артикулен № Име на библиотеката - собственик Име на библиотеката, в която се намира в момента Статус (Текущо местоположение) Дата на вписване в системата Местоположение - отдел Цена в лева Инвентарен номер Систематично азбучна сигнатура Баркод Номер на екземпляра Цена в евро Служебна бележка Служебен тип на артикула
  Не е изгубен Universal Decimal Classification Не е повреден без рестрикции ползва се в читалня 85370 Регионална библиотека "Любен Каравелов" Русе Регионална библиотека "Любен Каравелов" Русе Читалня 2006-05-29 Читалня 19.90 120000702525 Ч 93/94/Г 23 И 120000702525 1 10.17 Дост: Pk Вид: Ф N: 7 Дата: 29.05.2006 Дата инв: 28.03.2017 Бележки инв: Ч2017 Книги
  Не е изгубен   Не е повреден без рестрикции ползва се в читалня 85371 Регионална библиотека "Любен Каравелов" Русе Регионална библиотека "Любен Каравелов" Русе Хранилище 2007-02-21 Хранилище 19.90 120000710018 Цб 226324 120000710018 2 10.17 Дост: Dp Вид: Д N: 17 Дата: 05.04.2006 Книги
Vip Innovations Ltd, Rousse, Bulgaria 2025